| 000 | 01117nam a2200277 i 4500 | ||
|---|---|---|---|
| 001 | 134264 | ||
| 003 | ES-MaACL | ||
| 005 | 20240424063055.0 | ||
| 007 | t| | ||
| 008 | 070907s1883 sp ||||1| spa d | ||
| 040 | _cES-MaACL | ||
| 080 | _a82.085(04)(376) | ||
| 100 | 1 |
_aRoda, Arcadio, _d1844-1921 _9143307 _eaut |
|
| 245 | 1 | 4 |
_aLos oradores romanos : _blecciones explicadas en el Ateneo Científico y Literario de Madrid, en el curso de 1873-74 / _cpor Arcadio Roda ; con un prólogo del Excmo Sr. D. A. Cánovas del Castillo. |
| 260 |
_aMadrid : _bLibrería de V. Suárez, _c1883. |
||
| 300 |
_a390 páginas ; _c19 cm. |
||
| 530 | _aDisponible en formato digital | ||
| 610 | 2 | 4 |
_aAteneo de Madrid- _vConferencias- _yS.XIX. _91910 |
| 650 | 1 | 4 |
_aOratoria- _zRoma. _9143717 |
| 700 | 1 |
_aCánovas del Castillo, Antonio, _d1828-1897 _934600 _eaui |
|
| 852 |
_aES-MaACL _cSPP3 _jG-8972 |
||
| 856 |
_uhttps://archive.org/details/losoradoresroma00rodagoog/page/n8/mode/2up _yVersión en línea _z(Internet Archive) |
||
| 942 |
_cMONANT _n0 |
||
| 999 |
_c134264 _d134264 |
||